000 00522nam a2200181Ia 4500
005 20250326143156.0
008 250326s9999 xx 000 0 und d
037 _aTextbook
040 _aFMSL
_beng
_cFMSL
041 _aeng
_2eng
084 _aX65 M1
_qFMSL
100 _aDerkinderen F G J
_9747308
245 0 _aReadings in strategy for corporate investment
_cDerkinderen F G J; Crum R L
260 _aLondon
_bLondon, Pitman
_c1981
300 _a219p
942 _cTB
_hX65 M1
999 _c1298454
_d1298454